| 000 | | | 05371nac2a22003493x 450 |
| 001 | | | e19e2cad-217b-48d6-b951-557b079ca34a |
| 005 | | | 20240819164544.0 |
| 100 | ## | $a | 20240716l1880 k y0rusy50 ca |
| 101 | 0# | $a | rus |
| 102 | ## | $a | RU |
| 105 | ## | $a | y z ||||| |
| 122 | 0# | $a | d18800709 |
| 200 | 1# | $a | Заявление адвоката Лифляндского гофгерихта Германа о злоупотреблениях высшей администрации Прибалтийских губерний |
| | $j | 09.07.1880 |
| 215 | ## | $a | 2 листа |
| | $d | 38,1 х 23,6 |
| 251 | ## | $c | Дело |
| 300 | ## | $a | Заголовок дела на папке: Заявление адвоката Лифляндского гофгерихта Германа Юргенсона о злоупотреблениях высшей администрации Прибалтийских губерний |
| 300 | ## | $a | Рукописный текст |
| 325 | ## | $a | Замикрофильмировано |
| 330 | ## | $a | Входит в раздел описи: Материалы, относящиеся к деятельности Лорис-Меликова М. Т. в Верховной Распорядительной Комиссии |
| 461 | #0 | $1 | 001cda3d175-ae4a-411a-8dea-9cc20fb178f6 |
| | $1 | 2001 |
| | $a | Лорис-Меликов Михаил Тариелович, граф, министр внутренних дел, главный начальник "верховной распорядительной комиссии по охранению государственного порядка и общественного спокойствия", генерал от кавалерии |
| | $1 | 251 |
| | $c | Фонд |
| | $1 | 852 |
| | $j | 569 |
| 462 | #0 | $1 | 001163e060a-d7cc-404d-90ee-e28c9801971b |
| | $1 | 2001 |
| | $a | Опись дел фонда М. Т. Лорис-Меликова за 1858-1915 гг. |
| | $v | Д. 57 |
| | $1 | 251 |
| | $c | Опись |
| | $1 | 852 |
| | $j | 1 |
| 517 | 1# | $a | Заявление адвоката Лифляндского гофгерихта Германа Юргенсона о злоупотреблениях высшей администрации Прибалтийских губерний |
| 600 | #1 | $a | Юргенсон |
| | $b | Г. |
| | $g | Герман |
| 601 | 02 | $3 | RU\NLR\AUTH\880515159 |
| | $a | Лифляндский надворный суд |
| 605 | ## | $3 | DITM\AF\0000002775 |
| | $a | Власть |
| | $l | коллекция |
| | $2 | acquisition_prlib |
| 610 | 1# | $a | Злоупотребления |
| | $a | Высшая администрация |
| | $a | Прибалтийские губернии |
| 686 | ## | $a | 63.3(2)535-332ю1 |
| | $c | История |
| | $2 | rubbk |
| 686 | ## | $a | 67.400.6ю1 |
| | $c | Право |
| | $2 | rubbk |
| 700 | #1 | $a | Юргенсон |
| | $b | Г. |
| | $g | Герман |
| 801 | #0 | $a | RU |
| | $b | GA_RF |
| 801 | #1 | $a | RU |
| | $b | ГлавНИВЦ |
| | $c | 20240716 |
| | $2 | rusmarc |
| 801 | #2 | $a | RU |
| | $b | ПБ им. Б.Н. Ельцина |
| | $c | 20240819 |
| | $g | RCR |
| | $2 | rusmarc |
| 852 | ## | $a | ГА РФ |
| | $j | 57 |
| 937 | ## | $d | 193620099 |
| | $h | ГАРФ |
| 035 | ## | $a | RuPRLIB51076409 |
| 856 | ## | $u | http://readingroom.main.prlib.ru/item.aspx?id_node=n193620099&mode=full |